| 000 | | | 05547cbm2a2200000#x 450 |
| 001 | | | 3760d96f39e0477ebb2d81e79b134cb7 |
| 005 | | | 20230417100114.0 |
| 100 | ## | $a | 20130913l19171917k y0rusy0189 ca |
| 101 | 0# | $a | rus |
| 102 | ## | $a | RU |
| 251 | ## | $c | Дело |
| 225 | 0# | $a | Фонд Совет министров (1905-1917) |
| | $h | Опись № 13 |
| | $i | 1917 г. |
| 300 | ## | $a | Машинописный текст, с рукописными пометами |
| 300 | ## | $a | Оригинальный заголовок дела: О разрешении Уфимским губернатору и уездным земствам вносить ежегодно в сметы обязательных расходов ассигнования для выдачи пенсий бывшим земским служащим и их семействам |
| 324 | ## | $a | Пленка |
| 801 | #0 | $a | RU |
| | $b | РГИА |
| | $c | 20130913 |
| 801 | #1 | $a | RU |
| | $b | ГлавНИВЦ |
| | $c | 20130913 |
| | $2 | rusmarc |
| 801 | #2 | $a | RU |
| | $b | ПБ им. Б.Н. Ельцина |
| | $c | 20130913 |
| | $g | RCR |
| | $2 | rusmarc |
| 850 | ## | $a | Федеральное казенное учреждение "Российский государственный исторический архив" |
| 852 | ## | $a | РГИА |
| | $j | 12 |
| 937 | ## | $a | ASBIBLIO_SCAN |
| | $b | РГИА_1276:_13:_12: |
| | $d | 1792990 |
| | $h | РГИА |
| 200 | 1# | $a | О разрешении Уфимским губернскому и уездным земствам вносить сметы суммы на выдачу пенсий бывшим земским служащим и их семьям |
| | $j | 25 января 1917 года |
| 215 | ## | $a | 2 листа |
| 035 | ## | $a | 3760d96f39e0477ebb2d81e79b134cb7 |
| 122 | 0# | $a | d19170125## |
| 517 | 1# | $a | О разрешении Уфимским губернатору и уездным земствам вносить ежегодно в сметы обязательных расходов ассигнования для выдачи пенсий бывшим земским служащим и их семействам |
| 461 | #0 | $1 | 001c7912e80-a322-4844-9992-beca65726c82 |
| | $1 | 2001 |
| | $a | Совет министров (1905-1917) |
| | $1 | 251 |
| | $c | Фонд |
| | $1 | 852 |
| | $j | 1276 |
| 462 | #0 | $1 | 0014b13ce9a-5960-4861-905a-5a59b3ddbd87 |
| | $1 | 2001 |
| | $a | 1917 г. |
| | $v | Д. 12 |
| | $1 | 251 |
| | $c | Опись |
| | $1 | 852 |
| | $j | 13 |
| 606 | 1# | $2 | nlr_sh |
| | $3 | RU\NLR\AUTH\661495733 |
| | $a | Земство |
| | $j | Архивные дела |
| | $x | История |
| | $y | Уфимская губерния |
| 606 | 1# | $2 | prlib_sh |
| | $3 | LIBNET\UAF\0000106843 |
| | $a | Государственные служащие |
| | $j | Архивные дела |
| | $x | Социальная помощь |
| | $y | Россия |
| | $z | 1914 - 1918 |
| 605 | ## | $2 | acquisition_Prlib |
| | $3 | LIBNET\UAF\0000106762 |
| | $a | Семья и традиционные семейные ценности в России как основа российской государственности |
| | $l | коллекция |
| 605 | ## | $2 | acquisition_Prlib |
| | $3 | DITM\AF\0000003834 |
| | $a | Народ |
| | $l | коллекция |
| 686 | ## | $2 | rubbk |
| | $a | 63.3(2)534-28ю1 |
| | $v | LBC/M |
| 686 | ## | $2 | rubbk |
| | $a | 63.3(28-8Уфи)53ю1 |
| | $v | LBC/M |